| 000 | 00683nam a22002177a 4500 | ||
|---|---|---|---|
| 005 | 20170124105942.0 | ||
| 010 | _aA-996253 | ||
| 020 | _c00.00 | ||
| 035 | _aA-996253 | ||
| 037 | _bCen Lib/Ret | ||
| 040 |
_aDPL _bEN |
||
| 082 |
_a338.954 _bNEW |
||
| 245 |
_aNew economic policies for a new India / _cedited by Surjit S. Bhalla |
||
| 260 |
_aNew Delhi _bHar-Anand Publications _c2000 |
||
| 270 |
_aD-9, Anand Niketan _bNew Delhi _e110021 |
||
| 300 |
_a279p. _c22cmHb) |
||
| 650 |
_aIndia -- Economic policy -- 1991 _910701 |
||
| 650 |
_aIndia -- Economic conditions -- 1947 _9107605 |
||
| 700 |
_aBhalla, Surjit S. _911435 |
||
| 942 |
_2ddc _cEN _h338.954 _mBHA |
||
| 999 |
_c124632 _d124632 |
||